000 00764cam a2200217 4500
001 X112663
008 000000n2001 000 0 eng u
035 _a(Sirsi) u112663
245 _aAurum Investments Limited v Avonforce Limited (in liquidation) and Others
260 _c2001
490 _aConstruction Industry Law Letter
_v[2001] CILL 1729-1732(4)
520 _aTCC 6 December 2000. Implied terms; duty to warn.
650 _aAURUM INVESTMENTS LIMITED V AVONFORCE LTD (IN LIQUIDATION) AND OTHERS
650 _aAURUM INVESTMENTS LIMITED V AVONFORCE LTD (IN LIQUIDATION) AND OTHERS
650 _aDUTY TO WARN
650 _aEXCAVATION
650 _aLIABILITY
650 _aUNDERPINNING
690 _aBUILDING AND CONSTRUCTION-CASE LAW
942 _n0
999 _c67061
_d67061